Words you can play on a Piano - Statistics

General Stats
  • This quiz has been taken 1,754 times
  • The average score is 12 of 20
Answer Stats
Hint Answer % Correct
No longer living Dead
98%
Unable to hear Deaf
96%
Period of ten years Decade
91%
Combine numbers to increase their total Add
86%
Coffee shop Cafe
86%
Flesh of a cow, used as food Beef
84%
Enclosure for birds or animals Cage
84%
Not well behaved; naughty Bad
82%
Give a meal to someone Feed
73%
Pleaded with Begged
58%
Grow faint and disappear Fade
57%
Suitcases, luggage Baggage
55%
Leafy green or purple vegetable Cabbage
55%
Emblem worn as a mark of office Badge
46%
Principal face or front of a building Facade
43%
The outside limit of an object Edge
38%
Surrender power or territory Cede
33%
Prevent someone from talking Gag
25%
"Look before you leap", for example Adage
23%
Spoil the surface of something Deface
14%
No matching quizzes found
Score Distribution
Percent of People with Each Score
Percentile by Number Answered
Your Score History
You have not taken this quiz